[Event "GBR-ch105 Seniors 50"]
[Site "Hull"]
[Date "2018.07.31"]
[Round "3"]
[White "Wager, John D"]
[Black "Freeman, Richard"]
[Result "1-0"]
[WhiteElo "2045"]
[BlackElo "2012"]
[PlyCount "65"]
[EventDate "2018.07.29"]
[EventType "swiss"]
[EventRounds "7"]
[EventCountry "GBR"]
[SourceTitle "CBM 185 Extra"]
[Source "ChessBase"]
[SourceDate "2018.06.29"]
[SourceVersion "1"]
[SourceVersionDate "2018.06.29"]
[SourceQuality "1"]

1. d4 g6 2. Nf3 Bg7 3. c4 d6 4. Nc3 Bg4 5. h3 Bxf3 6. gxf3 Nd7 7. e4 e5 8. dxe5
dxe5 9. Be3 c6 10. Qb3 Qc7 11. O-O-O Ngf6 12. h4 h5 13. Bh3 O-O 14. Rd2 Rfd8
15. Rhd1 b6 16. Qc2 Nf8 17. Rd3 Qe7 18. Qd2 Rxd3 19. Qxd3 Ne6 20. Qd6 Qxd6 21.
Rxd6 Nd4 22. Bxd4 exd4 23. Rxd4 Ng4 24. Rd6 Nxf2 25. Bf1 Rc8 26. Kd2 Be5 27.
Rd7 Bg3 28. Ke3 Bxh4 29. Rxa7 Rd8 30. Rb7 Nh1 31. Bg2 Bf2+ 32. Ke2 Bd4 33. Bxh1
1-0

[Event "GBR-ch105 Seniors 50"]
[Site "Hull"]
[Date "2018.08.01"]
[Round "4"]
[White "Bolt, Graham"]
[Black "Brown, Alan M"]
[Result "0-1"]
[WhiteElo "2016"]
[BlackElo "1976"]
[PlyCount "234"]
[EventDate "2018.07.29"]
[EventType "swiss"]
[EventRounds "7"]
[EventCountry "GBR"]
[SourceTitle "CBM 185 Extra"]
[Source "ChessBase"]
[SourceDate "2018.06.29"]
[SourceVersion "1"]
[SourceVersionDate "2018.06.29"]
[SourceQuality "1"]

1. Nf3 Nf6 2. g3 g6 3. Bg2 Bg7 4. d3 O-O 5. O-O d6 6. e4 c5 7. Nbd2 Nc6 8. a4
Bd7 9. Nc4 Qc8 10. Re1 Bh3 11. c3 Bxg2 12. Kxg2 d5 13. Ncd2 e6 14. Qc2 Nd7 15.
Nf1 Nce5 16. Nxe5 Nxe5 17. f4 Nd7 18. h3 Qc6 19. Kh2 dxe4 20. dxe4 Rad8 21. Be3
Nf6 22. e5 Nd5 23. Bg1 Rd7 24. Qf2 Rc8 25. Red1 Bf8 26. Nd2 Be7 27. Nc4 Rcd8
28. Qg2 Qa6 29. Nd6 Bxd6 30. exd6 b6 31. f5 Rxd6 32. fxg6 hxg6 33. Qf3 Qc4 34.
a5 Nc7 35. axb6 axb6 36. Rxd6 Rxd6 37. Rd1 Rxd1 38. Qxd1 Qd5 39. Qe2 b5 40. h4
c4 41. Bd4 Qf5 42. Qg2 Nd5 43. Qe2 Nf6 44. Bxf6 Qxf6 45. Kg2 Qf5 46. g4 Qd5+
47. Kf2 Kg7 48. g5 Qf5+ 49. Kg2 Qf4 50. Kh3 Kf8 51. Qg2 Qd6 52. Qa8+ Ke7 53.
Qa7+ Qd7 54. Qf2 Kd6 55. Qb6+ Kd5 56. Qd4+ Kc6 57. Qh8 Kb7 58. Kg3 Qd3+ 59. Kg4
Qe4+ 60. Kh3 Qf3+ 61. Kh2 Qh5 62. Qd4 Qe2+ 63. Kg1 Qd3 64. Qf6 Qg3+ 65. Kf1
Qh3+ 66. Kg1 Qg4+ 67. Kh2 Qxh4+ 68. Kg2 Qe4+ 69. Kh2 Qe2+ 70. Kg3 Qd3+ 71. Kh2
Qd7 72. Kg3 Ka6 73. Kh4 Ka5 74. Qf2 Ka6 75. Qf6 Qb7 76. Kg3 Qc7+ 77. Kh3 Kb7
78. Qf3+ Kb8 79. Qf6 Qd7 80. Qe5+ Kb7 81. Kh4 Qd5 82. Qf6 Qe4+ 83. Kg3 Qe3+ 84.
Kg2 Qe2+ 85. Kg3 Qd3+ 86. Kh4 Qd7 87. Qe5 Ka6 88. Qh8 Qb7 89. Kg3 Qc7+ 90. Kg4
Kb7 91. Qf6 Kc8 92. Kh3 Qd7 93. Kg4 Qd1+ 94. Kg3 Qd3+ 95. Kh2 Qf5 96. Qe7 Qc2+
97. Kh1 Qc1+ 98. Kh2 Qxb2+ 99. Kh1 Qc1+ 100. Kh2 Qd2+ 101. Kh1 Qd7 102. Qc5+
Kb7 103. Qe3 Qd3 104. Qc1 Kc6 105. Kg2 Kd5 106. Kh2 Ke5 107. Qb2 Qd5 108. Kg3
Kd6 109. Qa3+ Kd7 110. Qa7+ Ke8 111. Qb8+ Ke7 112. Qc7+ Kf8 113. Qf4 Qf5 114.
Qc1 Kg7 115. Kh2 e5 116. Qg1 Qf4+ 117. Kh1 Qh4+ 0-1

[Event "GBR-ch105 Seniors 50"]
[Site "Hull"]
[Date "2018.08.01"]
[Round "4"]
[White "Connolly, Marcus PA"]
[Black "Towers, Nigel S"]
[Result "0-1"]
[WhiteElo "1830"]
[BlackElo "1834"]
[PlyCount "126"]
[EventDate "2018.07.29"]
[EventType "swiss"]
[EventRounds "7"]
[EventCountry "GBR"]
[SourceTitle "CBM 185 Extra"]
[Source "ChessBase"]
[SourceDate "2018.06.29"]
[SourceVersion "1"]
[SourceVersionDate "2018.06.29"]
[SourceQuality "1"]

1. f4 d6 2. Nf3 Bg4 3. e4 Nf6 4. d3 e6 5. Be2 d5 6. e5 Nfd7 7. d4 c5 8. c3 Nc6
9. O-O Be7 10. h3 Bxf3 11. Bxf3 cxd4 12. Kh2 Qb6 13. cxd4 Qxd4 14. Qe2 Qb6 15.
Be3 Nd4 16. Qf2 Nxf3+ 17. gxf3 Bc5 18. Bxc5 Qxc5 19. Qg3 g6 20. Na3 Qb4 21. Rf2
Rc8 22. Rd1 Nb6 23. f5 exf5 24. e6 O-O 25. exf7+ Rxf7 26. Rfd2 Re8 27. Qf2 Rfe7
28. Kg1 Re6 29. Kf1 Qe7 30. h4 Re5 31. Rc1 Qb4 32. Rcd1 Qa4 33. Rc1 Qa6+ 34.
Kg1 Re2 35. Rxe2 Qxe2 36. Qxe2 Rxe2 37. Rc7 Rxb2 38. Rxb7 Rxa2 39. Nb5 Nc4 40.
Nxa7 d4 41. Rd7 d3 42. Rxd3 Rxa7 43. h5 Kg7 44. hxg6 hxg6 45. Kg2 Re7 46. Rc3
Ne3+ 47. Kg1 Kf6 48. Ra3 Re6 49. Kf2 Nc4 50. Ra4 Nb2 51. Ra3 g5 52. Rb3 Nc4 53.
Rc3 Ne5 54. Ra3 Rd6 55. Rb3 Nd3+ 56. Kf1 Nf4 57. Kf2 Ke5 58. Rb5+ Rd5 59. Rb8
Kd4 60. Rc8 Kd3 61. Rg8 Kd2 62. Kf1 Ke3 63. Rxg5 Rd1# 0-1

[Event "GBR-ch105 Seniors 50"]
[Site "Hull"]
[Date "2018.08.01"]
[Round "4"]
[White "Dean, Robert A"]
[Black "Smith, Murray"]
[Result "0-1"]
[WhiteElo "1844"]
[BlackElo "2262"]
[PlyCount "68"]
[EventDate "2018.07.29"]
[EventType "swiss"]
[EventRounds "7"]
[EventCountry "GBR"]
[SourceTitle "CBM 185 Extra"]
[Source "ChessBase"]
[SourceDate "2018.06.29"]
[SourceVersion "1"]
[SourceVersionDate "2018.06.29"]
[SourceQuality "1"]

1. e4 c6 2. c4 d5 3. cxd5 cxd5 4. exd5 Nf6 5. Nc3 Nxd5 6. d4 Nc6 7. Nf3 e6 8.
Bd3 Be7 9. O-O O-O 10. Re1 Ncb4 11. Bb1 b6 12. a3 Nxc3 13. bxc3 Nd5 14. Qd3 Nf6
15. Bg5 g6 16. Bh6 Re8 17. Ne5 Bb7 18. Qh3 Qd6 19. Ba2 Bf8 20. Re3 Bxh6 21.
Qxh6 Qf8 22. Qh4 Qg7 23. Rae1 Rad8 24. Nxf7 Kxf7 25. Bxe6+ Kf8 26. d5 Bxd5 27.
Bxd5 Rxe3 28. Rxe3 Rxd5 29. Qb4+ Kg8 30. h3 Rd1+ 31. Kh2 Qc7+ 32. g3 Qc6 33. f3
Qd6 34. Qa4 Qd2+ 0-1

[Event "GBR-ch105 Seniors 50"]
[Site "Hull"]
[Date "2018.08.01"]
[Round "4"]
[White "Freeman, Richard"]
[Black "Gibbs, Dominic V"]
[Result "0-1"]
[WhiteElo "2012"]
[BlackElo "1948"]
[PlyCount "72"]
[EventDate "2018.07.29"]
[EventType "swiss"]
[EventRounds "7"]
[EventCountry "GBR"]
[SourceTitle "CBM 185 Extra"]
[Source "ChessBase"]
[SourceDate "2018.06.29"]
[SourceVersion "1"]
[SourceVersionDate "2018.06.29"]
[SourceQuality "1"]

1. e4 g6 2. Nc3 Bg7 3. f4 c6 4. Nf3 d5 5. d3 dxe4 6. dxe4 Qxd1+ 7. Nxd1 Nd7 8.
Bd3 e5 9. g3 Nh6 10. O-O O-O 11. Ne3 exf4 12. gxf4 Nc5 13. Nc4 Nxd3 14. cxd3
Rd8 15. Rd1 Ng4 16. Rb1 Be6 17. b3 c5 18. Ne3 b6 19. Kg2 Rd7 20. h3 Nxe3+ 21.
Bxe3 Rad8 22. Ne1 c4 23. e5 cxd3 24. Bf2 Bf5 25. Rd2 h6 26. b4 g5 27. Be3 gxf4
28. Bxf4 Rd4 29. Bg3 h5 30. Nf3 R4d5 31. Bf4 f6 32. Re1 Re8 33. Nh4 Bd7 34. Re3
fxe5 35. Rexd3 Rxd3 36. Rxd3 Bc6+ 0-1

[Event "GBR-ch105 Seniors 50"]
[Site "Hull"]
[Date "2018.08.01"]
[Round "4"]
[White "Hodge, Steve R"]
[Black "Gostelow, David W"]
[Result "1-0"]
[WhiteElo "2005"]
[BlackElo "1918"]
[PlyCount "57"]
[EventDate "2018.07.29"]
[EventType "swiss"]
[EventRounds "7"]
[EventCountry "GBR"]
[SourceTitle "CBM 185 Extra"]
[Source "ChessBase"]
[SourceDate "2018.06.29"]
[SourceVersion "1"]
[SourceVersionDate "2018.06.29"]
[SourceQuality "1"]

1. e4 c5 2. Nf3 Nc6 3. Bb5 Nf6 4. Nc3 g6 5. Bxc6 dxc6 6. h3 Bg7 7. d3 O-O 8.
Be3 b6 9. Qd2 Re8 10. Bh6 Bh8 11. e5 Nd5 12. Ne4 Qc7 13. c4 Nb4 14. a3 Na6 15.
Bf4 Qd7 16. h4 h5 17. Nfg5 Nc7 18. O-O-O Rd8 19. f3 Qd4 20. g4 hxg4 21. h5 Bf5
22. fxg4 Bxe4 23. Nxe4 Bxe5 24. hxg6 fxg6 25. Rh6 Kg7 26. Rdh1 Rh8 27. Rxh8
Rxh8 28. Rxh8 Kxh8 29. Qh2+ 1-0

[Event "GBR-ch105 Seniors 50"]
[Site "Hull"]
[Date "2018.08.01"]
[Round "4"]
[White "Kennedy, Craig"]
[Black "Dilleigh, Stephen P"]
[Result "1/2-1/2"]
[WhiteElo "1906"]
[BlackElo "2016"]
[PlyCount "40"]
[EventDate "2018.07.29"]
[EventType "swiss"]
[EventRounds "7"]
[EventCountry "GBR"]
[SourceTitle "CBM 185 Extra"]
[Source "ChessBase"]
[SourceDate "2018.06.29"]
[SourceVersion "1"]
[SourceVersionDate "2018.06.29"]
[SourceQuality "1"]

1. e4 e6 2. Nf3 d5 3. e5 c5 4. b4 c4 5. c3 a5 6. b5 Nd7 7. d3 cxd3 8. Bxd3 f6
9. Ng5 Nxe5 10. Nxh7 Bc5 11. Qh5+ Kd7 12. Bc2 Qe7 13. Nf8+ Qxf8 14. Qxh8 b6 15.
Bf4 Bb7 16. Qh3 Ne7 17. Nd2 N7g6 18. Be3 f5 19. O-O Qf6 20. Bxc5 bxc5 1/2-1/2

[Event "GBR-ch105 Seniors 50"]
[Site "Hull"]
[Date "2018.08.01"]
[Round "4"]
[White "Kenning, Paul H"]
[Black "Nelson, Jonathan P"]
[Result "0-1"]
[WhiteElo "1841"]
[BlackElo "2178"]
[PlyCount "110"]
[EventDate "2018.07.29"]
[EventType "swiss"]
[EventRounds "7"]
[EventCountry "GBR"]
[SourceTitle "CBM 185 Extra"]
[Source "ChessBase"]
[SourceDate "2018.06.29"]
[SourceVersion "1"]
[SourceVersionDate "2018.06.29"]
[SourceQuality "1"]

1. e4 d6 2. d4 Nf6 3. Nc3 e5 4. dxe5 dxe5 5. Qxd8+ Kxd8 6. Bg5 Be6 7. O-O-O+
Nbd7 8. f3 c6 9. Kb1 Kc7 10. Nge2 h6 11. Be3 Bc5 12. Bxc5 Nxc5 13. Nc1 b5 14.
Nd3 Nfd7 15. Nxc5 Nxc5 16. Bd3 Rhb8 17. b3 a5 18. Ne2 a4 19. Nc1 Rd8 20. Be2
axb3 21. cxb3 Kb6 22. Rxd8 Rxd8 23. Rd1 Rd4 24. Kb2 Nd7 25. a3 c5 26. Kc3 Nb8
27. b4 Bc4 28. bxc5+ Kxc5 29. Nb3+ Bxb3 30. Rxd4 exd4+ 31. Kxb3 g5 32. g3 Nd7
33. f4 gxf4 34. gxf4 f6 35. h4 Nf8 36. h5 Ne6 37. f5 Nf4 38. Bd1 Nd3 39. Kc2
Ne5 40. Be2 b4 41. axb4+ Kxb4 42. Bf1 Kc5 43. Ba6 Kd6 44. Be2 Nd7 45. Kd3 Ke5
46. Kc4 Kxe4 47. Bd3+ Ke3 48. Bc2 d3 49. Bb3 Ke4 50. Bd1 Ne5+ 51. Kc3 Kxf5 52.
Kd4 Kf4 53. Kd5 Ng4 54. Ke6 Kg5 55. Kd5 Ne3+ 0-1

[Event "GBR-ch105 Seniors 50"]
[Site "Hull"]
[Date "2018.08.01"]
[Round "4"]
[White "Lewis, Andrew P"]
[Black "Brooks, Phil J"]
[Result "1-0"]
[WhiteElo "2298"]
[BlackElo "2187"]
[PlyCount "117"]
[EventDate "2018.07.29"]
[EventType "swiss"]
[EventRounds "7"]
[EventCountry "GBR"]
[SourceTitle "CBM 185 Extra"]
[Source "ChessBase"]
[SourceDate "2018.06.29"]
[SourceVersion "1"]
[SourceVersionDate "2018.06.29"]
[SourceQuality "1"]

1. c4 e6 2. Nf3 d5 3. g3 dxc4 4. Qa4+ Nd7 5. Bg2 a6 6. Qxc4 b5 7. Qb3 Bb7 8.
O-O Ngf6 9. Nc3 c5 10. d3 Bd6 11. a4 b4 12. Nb1 a5 13. Nbd2 Nb6 14. Qc2 O-O 15.
b3 Be7 16. Bb2 Rc8 17. Rad1 Qc7 18. Be5 Bd6 19. Bxf6 gxf6 20. Nc4 Nxc4 21. dxc4
Rfd8 22. Nh4 Bxg2 23. Nxg2 Be5 24. Rxd8+ Rxd8 25. Rd1 Rxd1+ 26. Qxd1 Qd6 27.
Qxd6 Bxd6 28. e4 Be5 29. Kf1 Bd4 30. Ke2 Kg7 31. Nh4 Kh6 32. f4 Kg7 33. Kf3 Bc3
34. Kg4 Bd4 35. Kh5 Bg1 36. Nf3 Be3 37. Ne1 Bd4 38. Kg4 Kg6 39. f5+ Kg7 40.
fxe6 fxe6 41. Nd3 Be3 42. Kf3 Bd4 43. g4 Kf7 44. h3 Ke7 45. Kf4 Kd6 46. e5+ Ke7
47. h4 Kf7 48. exf6 Kxf6 49. g5+ Ke7 50. Ne5 Kd6 51. Nf3 Bb2 52. Ke4 Bc1 53. h5
Bb2 54. Nh4 Bd4 55. h6 Ke7 56. g6 hxg6 57. Nxg6+ Kf7 58. Ne5+ Kf8 59. Nc6 1-0

[Event "GBR-ch105 Seniors 50"]
[Site "Hull"]
[Date "2018.08.01"]
[Round "4"]
[White "Mason, Donald"]
[Black "Chapman, Terry PD"]
[Result "1-0"]
[WhiteElo "2133"]
[BlackElo "2200"]
[PlyCount "51"]
[EventDate "2018.07.29"]
[EventType "swiss"]
[EventRounds "7"]
[EventCountry "GBR"]
[SourceTitle "CBM 185 Extra"]
[Source "ChessBase"]
[SourceDate "2018.06.29"]
[SourceVersion "1"]
[SourceVersionDate "2018.06.29"]
[SourceQuality "1"]

1. e4 d6 2. d4 Nf6 3. Nc3 g6 4. Bg5 Bg7 5. f4 c6 6. Qd2 O-O 7. Bd3 b5 8. Nf3 b4
9. Ne2 a5 10. O-O d5 11. Bxf6 exf6 12. f5 Re8 13. e5 fxe5 14. dxe5 Bxe5 15.
Nxe5 Rxe5 16. Qf4 Qe8 17. Nd4 c5 18. Nb5 Re7 19. f6 Rb7 20. Nd6 Qf8 21. Rae1
Bd7 22. Nxb7 c4 23. Be2 Ra6 24. Bg4 Bxg4 25. Qxg4 h5 26. Qd4 1-0

[Event "GBR-ch105 Seniors 50"]
[Site "Hull"]
[Date "2018.08.01"]
[Round "4"]
[White "McMahon, Paul"]
[Black "Couchman, Andrew A"]
[Result "1-0"]
[WhiteElo "1911"]
[BlackElo "1130"]
[PlyCount "53"]
[EventDate "2018.07.29"]
[EventType "swiss"]
[EventRounds "7"]
[EventCountry "GBR"]
[SourceTitle "CBM 185 Extra"]
[Source "ChessBase"]
[SourceDate "2018.06.29"]
[SourceVersion "1"]
[SourceVersionDate "2018.06.29"]
[SourceQuality "1"]

1. e4 d5 2. Nc3 d4 3. Nce2 e5 4. Ng3 Nf6 5. Bc4 Nc6 6. Nf3 Na5 7. d3 Nxc4 8.
dxc4 Bg4 9. O-O Bxf3 10. Qxf3 Be7 11. Nf5 Bf8 12. c3 g6 13. Ng3 c5 14. cxd4
cxd4 15. Bg5 Bg7 16. Qa3 Qe7 17. Qa4+ Qd7 18. Qb4 Qe7 19. Qb5+ Kd8 20. f4 h6
21. Bxf6 Bxf6 22. fxe5 Bxe5 23. Rad1 a6 24. Qd5+ Ke8 25. Rxf7 Qxf7 26. Qxe5+
Kd7 27. Rxd4+ 1-0

[Event "GBR-ch105 Seniors 50"]
[Site "Hull"]
[Date "2018.08.01"]
[Round "4"]
[White "Robinson, James M"]
[Black "Allison, Paul A"]
[Result "1-0"]
[WhiteElo "1745"]
[BlackElo "1615"]
[PlyCount "77"]
[EventDate "2018.07.29"]
[EventType "swiss"]
[EventRounds "7"]
[EventCountry "GBR"]
[SourceTitle "CBM 185 Extra"]
[Source "ChessBase"]
[SourceDate "2018.06.29"]
[SourceVersion "1"]
[SourceVersionDate "2018.06.29"]
[SourceQuality "1"]

1. d4 f5 2. h3 Nf6 3. Nf3 e6 4. Bf4 d6 5. e3 g6 6. c4 Bg7 7. Nc3 Qe7 8. Be2 O-O
9. O-O Nbd7 10. Bh2 b6 11. Nb5 Ne8 12. Rc1 Bb7 13. b4 e5 14. d5 a6 15. Nc3 Nef6
16. Ng5 Nxd5 17. Nf3 Nxc3 18. Rxc3 Kh8 19. Rc1 a5 20. a3 axb4 21. axb4 Bxf3 22.
Bxf3 e4 23. Be2 Ra3 24. Qd5 Ra2 25. Rfe1 Ra3 26. Red1 Bc3 27. Rb1 Ra2 28. Kf1
Rfa8 29. Qb7 R2a7 30. Qd5 Bg7 31. Bf4 Qf6 32. g4 Ra1 33. Kg2 R1a2 34. g5 Qc3
35. Bg3 Rf8 36. Re1 Ne5 37. c5 bxc5 38. Qxa2 cxb4 39. Rec1 1-0

[Event "GBR-ch105 Seniors 50"]
[Site "Hull"]
[Date "2018.08.01"]
[Round "4"]
[White "Robson, Paul E"]
[Black "Blades, Nigel"]
[Result "0-1"]
[WhiteElo "1842"]
[BlackElo "2072"]
[PlyCount "78"]
[EventDate "2018.07.29"]
[EventType "swiss"]
[EventRounds "7"]
[EventCountry "GBR"]
[SourceTitle "CBM 185 Extra"]
[Source "ChessBase"]
[SourceDate "2018.06.29"]
[SourceVersion "1"]
[SourceVersionDate "2018.06.29"]
[SourceQuality "1"]

1. e4 d6 2. f4 Nf6 3. e5 Nd5 4. d4 dxe5 5. fxe5 Nc6 6. c3 Bf5 7. Nf3 e6 8. Bc4
Be7 9. O-O O-O 10. Qe1 Na5 11. Be2 c5 12. Qg3 Nc6 13. Bh6 Bg6 14. Bc1 cxd4 15.
cxd4 Ndb4 16. Na3 Nxd4 17. Nxd4 Qxd4+ 18. Kh1 Nd3 19. Bxd3 Qxd3 20. Qe1 Bb4 21.
Qd1 Rad8 22. Bg5 Rd5 23. Qxd3 Bxd3 24. Rfd1 Rc8 25. Bf4 h6 26. h3 Be4 27. Rxd5
exd5 28. Rc1 Rxc1+ 29. Bxc1 a6 30. Kh2 Kf8 31. g4 Bc5 32. Kg3 b5 33. Kf4 g5+
34. Kg3 b4 35. h4 bxa3 36. bxa3 gxh4+ 37. Kxh4 Be7+ 38. Kg3 Bg5 39. Bb2 Ke7 0-1

[Event "GBR-ch105 Seniors 50"]
[Site "Hull"]
[Date "2018.08.01"]
[Round "4"]
[White "Spanton, Timothy R"]
[Black "Stephenson, David W"]
[Result "1-0"]
[WhiteElo "1927"]
[BlackElo "1817"]
[PlyCount "58"]
[EventDate "2018.07.29"]
[EventType "swiss"]
[EventRounds "7"]
[EventCountry "GBR"]
[SourceTitle "CBM 185 Extra"]
[Source "ChessBase"]
[SourceDate "2018.06.29"]
[SourceVersion "1"]
[SourceVersionDate "2018.06.29"]
[SourceQuality "1"]

1. d4 e6 2. Nf3 f5 3. Bf4 Nf6 4. Nc3 d6 5. Qd3 b6 6. e4 fxe4 7. Nxe4 Nd5 8. Bg3
Be7 9. c3 O-O 10. O-O-O a5 11. h4 c5 12. Neg5 g6 13. Re1 Rf6 14. h5 Nc6 15.
hxg6 hxg6 16. Qe4 Rf5 17. Rh8+ Kg7 18. Rxd8 Nxd8 19. Qh4 Nf6 20. Qh2 cxd4 21.
Bxd6 Ra7 22. Be5 Kg8 23. Bxd4 Nh5 24. g4 Bxg5+ 25. Nxg5 Rxg5 26. gxh5 Nc6 27.
hxg6 Nxd4 28. cxd4 Rd7 29. Rxe6 Rg7 1-0

[Event "GBR-ch105 Seniors 50"]
[Site "Hull"]
[Date "2018.08.01"]
[Round "4"]
[White "Townsend, M Paul"]
[Black "Wager, John D"]
[Result "1/2-1/2"]
[WhiteElo "2219"]
[BlackElo "2045"]
[PlyCount "106"]
[EventDate "2018.07.29"]
[EventType "swiss"]
[EventRounds "7"]
[EventCountry "GBR"]
[SourceTitle "CBM 185 Extra"]
[Source "ChessBase"]
[SourceDate "2018.06.29"]
[SourceVersion "1"]
[SourceVersionDate "2018.06.29"]
[SourceQuality "1"]

1. d4 Nf6 2. c4 e6 3. g3 d5 4. Bg2 Be7 5. Nf3 O-O 6. O-O c6 7. Qc2 b6 8. Rd1
Ba6 9. Ne5 Nfd7 10. cxd5 cxd5 11. Nc3 Qc8 12. e4 Bb7 13. exd5 Bxd5 14. Bxd5
exd5 15. Qb3 Nxe5 16. dxe5 d4 17. Rxd4 Nc6 18. Re4 Qf5 19. Qb5 Rac8 20. Be3 Na5
21. Rf4 Qe6 22. Re1 Rfd8 23. Rd4 Re8 24. Rdd1 Nc4 25. Bf4 a6 26. Qb3 Rc5 27.
Ne4 Rb5 28. Qf3 Nxe5 29. Qg2 Bb4 30. Re3 Qc8 31. a4 Ra5 32. Rb3 Qc2 33. Rxb4
Qxd1+ 34. Qf1 Qxf1+ 35. Kxf1 Nd3 36. Rxb6 Nxf4 37. gxf4 Rxa4 38. Nc5 Ra1+ 39.
Kg2 Ra8 40. b4 g6 41. f5 gxf5 42. Kg3 Ra2 43. h4 Kg7 44. f3 a5 45. bxa5 R8xa5
46. Nd7 Rd2 47. Nf6 Rd3 48. Nh5+ Kf8 49. Rb8+ Ke7 50. Rb7+ Rd7 51. Rb6 Rd6 52.
Rb7+ Rd7 53. Rb6 Rd6 1/2-1/2

[Event "GBR-ch105 Seniors 50"]
[Site "Hull"]
[Date "2018.08.01"]
[Round "4"]
[White "Waters, Clive L"]
[Black "Matthews, Chris J"]
[Result "1-0"]
[WhiteElo "2064"]
[BlackElo "1772"]
[PlyCount "51"]
[EventDate "2018.07.29"]
[EventType "swiss"]
[EventRounds "7"]
[EventCountry "GBR"]
[SourceTitle "CBM 185 Extra"]
[Source "ChessBase"]
[SourceDate "2018.06.29"]
[SourceVersion "1"]
[SourceVersionDate "2018.06.29"]
[SourceQuality "1"]

1. e4 c5 2. Nf3 Nc6 3. c3 g6 4. Bc4 e6 5. O-O Bg7 6. Bb5 Nge7 7. Re1 O-O 8. d4
cxd4 9. cxd4 d5 10. e5 Nf5 11. Nc3 Qb6 12. Bxc6 Qxc6 13. Bg5 Qd7 14. Qd2 b6 15.
Nd1 Ba6 16. g4 h6 17. gxf5 hxg5 18. f6 Bh6 19. Nxg5 Rfc8 20. Qf4 Rc4 21. Ne3
Rac8 22. Nxc4 dxc4 23. Qh4 Bxg5 24. Qxg5 Qe8 25. Re4 Bb7 26. Rh4 1-0

[Event "GBR-ch105 Seniors 50"]
[Site "Hull"]
[Date "2018.08.02"]
[Round "5"]
[White "Allison, Paul A"]
[Black "Couchman, Andrew A"]
[Result "1-0"]
[WhiteElo "1615"]
[BlackElo "1130"]
[PlyCount "27"]
[EventDate "2018.07.29"]
[EventType "swiss"]
[EventRounds "7"]
[EventCountry "GBR"]
[SourceTitle "CBM 185 Extra"]
[Source "ChessBase"]
[SourceDate "2018.06.29"]
[SourceVersion "1"]
[SourceVersionDate "2018.06.29"]
[SourceQuality "1"]

1. e4 d5 2. exd5 Qxd5 3. Nf3 Nf6 4. d4 Qd8 5. Be2 Bf5 6. O-O e6 7. c4 Be7 8.
Nc3 O-O 9. Qb3 Qc8 10. Rd1 c5 11. Bf4 Nbd7 12. d5 exd5 13. cxd5 Re8 14. Nb5 1-0

[Event "GBR-ch105 Seniors 50"]
[Site "Hull"]
[Date "2018.08.02"]
[Round "5"]
[White "Blades, Nigel"]
[Black "Gibbs, Dominic V"]
[Result "1/2-1/2"]
[WhiteElo "2072"]
[BlackElo "1948"]
[PlyCount "93"]
[EventDate "2018.07.29"]
[EventType "swiss"]
[EventRounds "7"]
[EventCountry "GBR"]
[SourceTitle "CBM 185 Extra"]
[Source "ChessBase"]
[SourceDate "2018.06.29"]
[SourceVersion "1"]
[SourceVersionDate "2018.06.29"]
[SourceQuality "1"]

1. d4 f5 2. c4 Nf6 3. Nc3 d6 4. Nf3 g6 5. g3 Bg7 6. Bg2 O-O 7. O-O c6 8. Qc2
Na6 9. a3 Be6 10. b3 Kh8 11. Bb2 Qe8 12. Rad1 Rc8 13. Ne1 Bd7 14. d5 Nc7 15.
Qd2 Rd8 16. Nf3 e5 17. dxe6 Bxe6 18. Nd4 Bg8 19. Qf4 Ne6 20. Nxe6 Qxe6 21. Qc1
Rd7 22. Rfe1 Qf7 23. e3 Rfd8 24. Re2 Qf8 25. Red2 Be6 26. Rd3 Qf7 27. Qd2 d5
28. cxd5 Nxd5 29. Nxd5 Bxd5 30. Bxd5 Rxd5 31. Bxg7+ Kxg7 32. Rxd5 Rxd5 33. Qc3+
Qf6 34. Qxf6+ Kxf6 35. Rxd5 cxd5 36. f4 Ke6 37. Kf2 Kd6 38. Ke2 Kc5 39. Kd3 Kc6
40. Kd4 Kd6 41. h3 h6 42. h4 h5 43. b4 b5 44. Kd3 Kd7 45. Kc3 Kc6 46. Kd3 Kd7
47. Kd4 1/2-1/2

[Event "GBR-ch105 Seniors 50"]
[Site "Hull"]
[Date "2018.08.02"]
[Round "5"]
[White "Brooks, Phil J"]
[Black "Hodge, Steve R"]
[Result "1-0"]
[WhiteElo "2187"]
[BlackElo "2005"]
[PlyCount "81"]
[EventDate "2018.07.29"]
[EventType "swiss"]
[EventRounds "7"]
[EventCountry "GBR"]
[SourceTitle "CBM 185 Extra"]
[Source "ChessBase"]
[SourceDate "2018.06.29"]
[SourceVersion "1"]
[SourceVersionDate "2018.06.29"]
[SourceQuality "1"]

1. d4 d6 2. c4 Nf6 3. Nc3 Nbd7 4. e4 e5 5. d5 Be7 6. Nf3 h6 7. Be2 c6 8. h3 Qc7
9. Be3 a6 10. Rc1 c5 11. a3 b6 12. O-O g5 13. Nh2 Nf8 14. Ng4 N6d7 15. Nh2 Nf6
16. Bg4 Nxg4 17. hxg4 Bd7 18. Ne2 Nh7 19. Ng3 Nf6 20. Qf3 Rb8 21. Rc3 Qc8 22.
Nf5 Bxf5 23. gxf5 Nd7 24. g4 Kf8 25. Rd1 Bd8 26. Nf1 Nf6 27. Ng3 Qd7 28. Kg2
Ke7 29. Rh1 Kf8 30. Bxg5 Nxd5 31. Bxd8 Nf4+ 32. Kf1 Qxd8 33. Nh5 Qg5 34. Nxf4
exf4 35. Rh5 Qf6 36. Qxf4 Kg7 37. Rch3 Qe5 38. Qe3 Qd4 39. Qxd4+ cxd4 40. g5
hxg5 41. f6+ 1-0

[Event "GBR-ch105 Seniors 50"]
[Site "Hull"]
[Date "2018.08.02"]
[Round "5"]
[White "Brown, Alan M"]
[Black "Townsend, M Paul"]
[Result "1/2-1/2"]
[WhiteElo "1976"]
[BlackElo "2219"]
[PlyCount "126"]
[EventDate "2018.07.29"]
[EventType "swiss"]
[EventRounds "7"]
[EventCountry "GBR"]
[SourceTitle "CBM 185 Extra"]
[Source "ChessBase"]
[SourceDate "2018.06.29"]
[SourceVersion "1"]
[SourceVersionDate "2018.06.29"]
[SourceQuality "1"]

1. d4 Nf6 2. c4 e6 3. Nc3 Bb4 4. Qc2 Nc6 5. Nf3 d5 6. a3 Bxc3+ 7. Qxc3 Ne4 8.
Qc2 e5 9. dxe5 Bf5 10. Qd1 dxc4 11. Bf4 O-O 12. e3 Qxd1+ 13. Rxd1 Na5 14. Nd4
Bd7 15. f3 Nc5 16. Be2 Ba4 17. Rd2 Nab3 18. Nxb3 Bxb3 19. Bd1 Rfd8 20. Bxb3
cxb3 21. Ke2 Rxd2+ 22. Kxd2 Na4 23. Kc1 Rd8 24. Bg3 Rd5 25. Rf1 Nc5 26. e4 Nd3+
27. Kd2 Rd7 28. Kc3 Nc5 29. Bf2 Nd3 30. Kxb3 Nxe5 31. Kc3 a6 32. b3 f6 33. Bg3
Kf7 34. Bxe5 fxe5 35. Rf2 Ke6 36. Re2 g5 37. Kc2 h5 38. h3 h4 39. Rf2 Rd4 40.
Kc1 a5 41. a4 Kd6 42. Kc2 Kc5 43. Kc3 c6 44. Ra2 b5 45. axb5 Kxb5 46. Ra1 c5
47. Rb1 Rb4 48. Rd1 Rd4 49. Rb1 Rb4 50. Rd1 a4 51. bxa4+ Rxa4 52. Rb1+ Rb4 53.
Rd1 Ra4 54. Rb1+ Kc6 55. Rb2 Ra1 56. Rd2 Ra7 57. Rb2 Ra3+ 58. Kc4 Ra1 59. Kc3
Rc1+ 60. Kd2 Rc4 61. Kd3 Ra4 62. Kc3 c4 63. Rd2 Kc7 1/2-1/2